[Event "New York Marshall Spring IM"]
[Site "New York"]
[Date "2019.03.03"]
[Round "7"]
[White "Ryba, Andrew A"]
[Black "Escobar Forero, Alder"]
[Result "0-1"]
[WhiteElo "2220"]
[BlackElo "2471"]
[PlyCount "98"]
[EventDate "2019.02.28"]
[EventType "tourn"]
[EventRounds "9"]
[EventCountry "USA"]
[EventCategory "3"]
[SourceTitle "CBM 189 Extra"]
[Source "ChessBase"]
[SourceDate "2019.06.03"]
[SourceVersion "1"]
[SourceVersionDate "2019.06.03"]
[SourceQuality "1"]

1. e4 c5 2. Nf3 Nc6 3. Bb5 d6 4. 0-0 Bd7 5. c3 Nf6 6. Re1 a6 7. Bf1 Bg4 8. h3 Bh5 9. g4 Bg6 10. d4 e5 11. Bg2 Be7 12. d5 Na7 13. Nfd2 Nd7 14. a4 Bg5 15. Nc4 Nc8 16. a5 h5 17. Be3 hxg4 18. Bxg5 Qxg5 19. Qxg4 Qe7 20. Nbd2 Nf6 21. Qg5 Nh5 22. Qxe7+ Kxe7 23. Ra3 Nf4 24. Rb3 Rb8 25. Kh2 Bh5 26. Ne3 Kd7 27. Bf1 Kc7 28. Ng2 Nxg2 29. Kxg2 Ne7 30. Rb6 Rh6 31. b4 Rg6+ 32. Kh2 cxb4 33. Rxb4 Rf6 34. Kg3 Ng6 35. Reb1 Nf4 36. Bxa6 Rg6+ 37. Kh2 Rg2+ 38. Kh1 Rxf2 39. Rxb7+ Rxb7 40. Rxb7+ Kd8 41. Bf1 Rxd2 42. a6 Rd1 43. Kg1 Be2 44. Kf2 Rxf1+ 45. Ke3 Bxa6 46. Rb6 Re1+ 47. Kd2 Re2+ 48. Kd1 Bd3 49. Rxd6+ Ke7 0-1

[Event "Pan American Intercollegiate-chT"]
[Site "Princeton"]
[Date "2012.12.28"]
[Round "2"]
[White "Ryba, Andrew A"]
[Black "Levina, Anna V"]
[Result "1-0"]
[WhiteElo "2186"]
[BlackElo "2069"]
[PlyCount "101"]
[EventDate "2012.12.27"]
[EventType "team-swiss"]
[EventRounds "6"]
[EventCountry "USA"]
[SourceTitle "CBM 152 Extra"]
[Source "ChessBase"]
[SourceDate "2013.02.25"]
[SourceVersion "1"]
[SourceVersionDate "2013.02.25"]
[SourceQuality "1"]
[WhiteTeam "Columbia"]
[BlackTeam "Cornell"]
[WhiteTeamCountry "USA"]
[BlackTeamCountry "USA"]

1. d4 d5 2. Nf3 c6 3. c4 e6 4. Qc2 Nf6 5. g3 Nbd7 6. Bg2 Bb4+ 7. Bd2 Bxd2+ 8. Nbxd2 0-0 9. 0-0 Re8 10. e4 dxe4 11. Nxe4 Nxe4 12. Qxe4 Nf6 13. Qe2 Qc7 14. Rad1 b6 15. Qe5 Qe7 16. Rfe1 Bb7 17. Qf4 Red8 18. Ne5 Rac8 19. Qf3 Rc7 20. Qb3 Nd7 21. Qa4 Nxe5 22. dxe5 a6 23. Qb3 b5 24. c5 Rcd7 25. Rd6 h6 26. Qc3 Rxd6 27. cxd6 Qd7 28. Rc1 Rc8 29. b4 Qd8 30. Qd4 Qd7 31. Be4 Rd8 32. Qc5 f6 33. Bxc6 Bxc6 34. Qxc6 fxe5 35. Qxd7 Rxd7 36. Rc6 Kf7 37. Rxa6 Rb7 38. Kf1 Ke8 39. Ke2 Kd7 40. Ke3 Rb8 41. Ke4 Rc8 42. Kxe5 Rc4 43. Ra7+ Kd8 44. a3 Rc2 45. Kxe6 Re2+ 46. Kd5 Rxf2 47. Kc6 Rc2+ 48. Kxb5 Rxh2 49. Rxg7 Rd2 50. Rg6 h5 51. a4 1-0

[Event "USA tt"]
[Site "ICC INT"]
[Date "2012.10.24"]
[Round "8"]
[White "Krasik, Ilya"]
[Black "Ryba, Andrew A"]
[Result "1-0"]
[WhiteElo "2187"]
[BlackElo "2186"]
[PlyCount "81"]
[EventDate "2012.09.04"]
[EventType "team-tourn"]
[EventRounds "10"]
[EventCountry "USA"]
[SourceTitle "EXT 2013"]
[Source "ChessBase"]
[SourceDate "2012.11.22"]
[SourceVersion "1"]
[SourceVersionDate "2012.11.22"]
[SourceQuality "1"]
[WhiteTeam "Boston"]
[BlackTeam "Manhattan"]
[WhiteTeamCountry "USA"]
[BlackTeamCountry "USA"]

1. d4 Nf6 2. c4 e6 3. Nf3 d5 4. Nc3 Bb4 5. cxd5 exd5 6. Bg5 Nbd7 7. e3 c5 8. Bd3 Qa5 9. Qc2 0-0 10. 0-0 Re8 11. dxc5 Bxc3 12. bxc3 Qxc5 13. Rab1 h6 14. Bh4 a6 15. a4 b6 16. Nd4 Bb7 17. Bf5 Bc6 18. Rfd1 Ne4 19. c4 g5 20. f3 Nef6 21. Be1 Bb7 22. cxd5 Bxd5 23. Qf2 Nf8 24. h4 Be6 25. Bb4 Qc7 26. hxg5 hxg5 27. Rbc1 Qb8 28. Nc6 Qb7 29. Qg3 N8h7 30. Bxe6 Rxe6 31. Nd8 Qa7 32. Nxe6 fxe6 33. Qe5 Qf7 34. Rc7 Qe8 35. Re7 Qxa4 36. Qxe6+ Kh8 37. Rxh7+ Kxh7 38. Qf7+ Kh6 39. Qxf6+ Kh5 40. g4+ Kh4 41. Be1+ 1-0

[Event "Washington op 1st"]
[Site "Rockville"]
[Date "2012.07.29"]
[Round "3"]
[White "Ryba, Andrew A"]
[Black "Rosen, Eric S"]
[Result "1/2-1/2"]
[WhiteElo "2162"]
[BlackElo "2328"]
[PlyCount "137"]
[EventDate "2012.07.28"]
[EventType "swiss"]
[EventRounds "9"]
[EventCountry "USA"]
[SourceTitle "CBM 149 Extra"]
[Source "ChessBase"]
[SourceDate "2012.08.24"]
[SourceVersion "1"]
[SourceVersionDate "2012.08.24"]
[SourceQuality "1"]

1. d4 d5 2. c4 e6 3. Nc3 Nf6 4. cxd5 exd5 5. Bg5 c6 6. e3 h6 7. Bh4 Bf5 8. Bd3 Bxd3 9. Qxd3 Be7 10. Nf3 Nbd7 11. a3 0-0 12. 0-0 a5 13. Nd2 Re8 14. f3 a4 15. Bf2 c5 16. Rac1 Ra5 17. e4 cxd4 18. Bxd4 dxe4 19. Ndxe4 Nxe4 20. Nxe4 Nc5 21. Nxc5 Rxc5 22. Rcd1 Rd5 23. Qc3 Bc5 24. Qxc5 Rxc5 25. Bxc5 Qg5 26. Bd4 Re2 27. Rf2 Re6 28. Bc3 h5 29. h3 Qc5 30. Kf1 Qf5 31. Re2 Qb5 32. Rdd2 Kh7 33. Ke1 Rxe2+ 34. Rxe2 Kg6 35. Re5 Qd7 36. Ke2 f6 37. Re4 b5 38. Rd4 Qe6+ 39. Re4 Qb3 40. Kf2 Qc2+ 41. Re2 Qd3 42. Re3 Qd5 43. Re4 Kf7 44. Kf1 g5 45. Kf2 Kg6 46. Rd4 Qc5 47. Kf1 Kf7 48. Re4 Qc6 49. Kf2 f5 50. Rd4 Ke6 51. Kf1 Qb6 52. Ke2 Qc7 53. Kf2 Qc5 54. Kf1 Qc8 55. Kf2 Qb8 56. Kf1 Qg3 57. Rb4 g4 58. Be1 Qd6 59. hxg4 hxg4 60. fxg4 Qd3+ 61. Kf2 fxg4 62. Rxg4 Qf5+ 63. Kg3 Qe5+ 64. Kf3 Kf5 65. Bc3 Qd5+ 66. Kg3 Qd6+ 67. Kh3 Qd1 68. Rd4 Qf1 69. Kg3 1/2-1/2